• 首页
  • 本馆介绍
  • 公告通知
  • 最新文献
  • 馆藏检索
  • 电子资源
  • 读者导购
  • 参考咨询
  • 我的图书馆
  • 登录
  • 详细信息显示
  • 放入我的书架
  • 预约/预借图书
  • 作者相关作品
  • 分类相关作品
  • 丛书相关作品
  • 出版社相关作品

书目信息

  • 表格格式
  • 工作单格式
  • 卡片格式
题名:
战国文字编
    
 
作者: 汤馀惠 主编
分册:  
出版信息: 福州   福建人民出版社  2001
页数: 1197页
开本: 26cm
丛书名:
单 册:
中图分类: H121
科图分类:
主题词: 汉字--古文字--战国时代--汇编 , CT--S030365--汉字 , CT--S026955--古文字
电子资源:
ISBN: 7-211-03935-3
000 00896nam0 2200265 45
001 012002063635
005 20091221092649.01
010    @a7-211-03935-3@b精装@dCNY230.00
100    @a20020806d2001 em y0chiy0110 ea
101 0  @achi
102    @aCN@b350000
105    @ay z 000yy
106    @ar
200 1  @a战国文字编@9zhan guo wen zi bian@f汤馀惠主编
210    @a福州@c福建人民出版社@d2001
215    @a1197页@d26cm
300    @a国家哲学社会科学基金资助
330    @a本书以收战国时期文字为主,包括铜器、兵器、货币、陶器、玺印、封泥、刻石、金银器等各类器物铭文及竹简、帛书文字。同时酌收少量春秋晚期和秦代文字,力求完整地反映战国文字的全貌。
606 0  @a汉字@x古文字@z战国时代@j汇编
606 0  @2CT@3S030365@a汉字
606 0  @2CT@3S026955@a古文字
690    @aH121@v4
701  0 @a汤馀惠@9tang yu hui@4主编
801  0 @aCN@bNLC@c20091221
905    @b20798040-44@dH121@e155@f5
    
    战国文字编/汤馀惠主编.-福州:福建人民出版社,2001
    1197页;26cm
    国家哲学社会科学基金资助
    
    ISBN 7-211-03935-3(精装):CNY230.00
    本书以收战国时期文字为主,包括铜器、兵器、货币、陶器、玺印、封泥、刻石、金银器等各类器物铭文及竹简、帛书文字。同时酌收少量春秋晚期和秦代文字,力求完整地反映战国文字的全貌。
●
相关链接 在E读中查询图书 在五车中查询图书 在当当中查询图书 在豆瓣中查询图书


正题名:战国文字编     索取号:H121/155         预约/预借

序号 登录号 条形码 馆藏地/架位号 状态 备注
1 798040   207980407   第二样本阅览室/ [索取号:H121/155] 在馆    
2 798041   207980416   第四借阅区/ [索取号:H121/155] 在馆    
3 798042   207980425   第四借阅区/ [索取号:H121/155] 在馆    
4 798043   207980434   第四借阅区/ [索取号:H121/155] 在馆    
5 798044   207980443   中文系资料室/ [索取号:H121/155] 在馆    
唐山师范学院图书馆 欢迎您!
大连网信软件有限公司© 版权所有